MARC

LEADER 00000nam0a2200000 4500
001 2110
005 20231101204230.0
010 |a 5858802028 
035 |a (RuTPU)RU\TPU\book\2119 
035 |a BOOK00002121 
090 |a 2110 
100 |a 20011209d1996 km y0rusy50 ca 
101 0 |a rus 
102 |a RU 
105 |a y z 000zy 
200 1 |a Языческая мифология славян  |f Т. А. Волошина, С. Н. Астапов 
210 |a Ростов-на-Дону  |c Феникс  |d 1996 
215 |a 448 с. 
225 1 |a Знание 
606 |a Мифы  |x Философия  |2 stltpush  |3 (RuTPU)RU\TPU\subj\44120  |9 63493 
610 1 |a мифология 
610 1 |a языческая мифология 
610 1 |a славяне 
686 |a Э31  |v LBC/SL-A  |2 rubbk 
700 1 |a Волошина  |b Т. А. 
701 1 |a Астапов  |b С. Н. 
801 0 |a RU  |b 63413507  |c 20011209  |g PSBO 
801 2 |a RU  |b 63413507  |c 20180209  |g PSBO 
942 |c BK